[Event "Hessen Senioren-ch 2012  8th"]
[Site "Bad Sooden-Adf. (14.4.-22.4)"]
[Date "2012.04.21"]
[Round "8.12"]
[White "Van den Berg, Ad"]
[Black "Weyrauch, Erich"]
[Result "1/2-1/2"]
[WhiteElo "1998"]
[BlackElo "1989"]
[PlyCount "103"]
[EventDate "2012.04.??"]
[EventType "swiss"]
[EventRounds "9"]
[EventCountry "GER"]
[WhiteTeam "NED/Philidor Leiden"]
[BlackTeam "Letmathe SV"]
[WhiteTeamCountry "NED"]

1. c4 g6 2. d4 Bg7 3. Nc3 c6 4. e4 d6 5. Nf3 Nd7 6. Bd3 c5 7. d5 Ne5 8. Nxe5
Bxe5 9. O-O Bd7 10. Ne2 Bg7 11. Rb1 Nf6 12. h3 O-O 13. a3 a5 14. b3 b6 15. f4
Qc7 16. f5 Be8 17. Bg5 h6 18. Be3 Nd7 19. fxg6 fxg6 20. Rxf8+ Bxf8 21. Qd2 Ne5
22. Nf4 Bf7 23. Be2 Bg7 24. Nd3 Nxd3 25. Bxd3 Kh7 26. e5 dxe5 27. Be4 Qd6 28.
b4 cxb4 29. axb4 Rc8 30. bxa5 bxa5 31. Rb6 Qa3 32. c5 Rxc5 33. Bxc5 Qxc5+ 34.
Qf2 Qc1+ 35. Kh2 Qf4+ 36. Qxf4 exf4 37. Rb7 Kg8 38. Rxe7 Bf8 39. Ra7 Bb4 40.
Ra8+ Kg7 41. Kg1 Kf6 42. Ra6+ Ke5 43. Bxg6 Bxd5 44. Be8 Be6 45. Ba4 h5 46. Ra8
Bf7 47. Rb8 Kd4 48. Rb7 Bg6 49. Rb5 Bd2 50. Rb7 Bd3 51. Rd7+ Kc3 52. Rd8
1/2-1/2

[Event "Hessen Senioren-ch 2012  8th"]
[Site "Bad Sooden-Adf. (14.4.-22.4)"]
[Date "2012.04.21"]
[Round "8.13"]
[White "Reinhold, Klaus Dr(44)"]
[Black "Liebert, Heinz"]
[Result "0-1"]
[WhiteElo "1952"]
[BlackElo "2155"]
[PlyCount "70"]
[EventDate "2012.04.??"]
[EventType "swiss"]
[EventRounds "9"]
[EventCountry "GER"]
[WhiteTeam "Gronau 1920 SC"]
[BlackTeam "Halle Volksbank USV"]

1. d4 Nf6 2. c4 e6 3. g3 d5 4. Nf3 Be7 5. Bg2 O-O 6. O-O dxc4 7. Qc2 a6 8. Qxc4
b5 9. Qc2 Bb7 10. Bf4 Nc6 11. Rd1 Nb4 12. Qc1 Nbd5 13. Nc3 Qc8 14. Nxd5 Nxd5
15. Bg5 f6 16. Bd2 c5 17. dxc5 Bxc5 18. Bc3 Re8 19. Bd4 Bf8 20. e4 Nb4 21. a3
Nc2 22. Rb1 Bxe4 23. Bc3 b4 24. axb4 Nxb4 25. Ra1 Nd5 26. Bd4 Qxc1 27. Rdxc1
Nb4 28. Ne1 Bxg2 29. Kxg2 Red8 30. Be3 e5 31. Kf1 Ra7 32. Ke2 Rb8 33. Bc5 Raa8
34. Bxf8 Kxf8 35. Rc7 Rd8 0-1

[Event "Hessen Senioren-ch 2012  8th"]
[Site "Bad Sooden-Adf. (14.4.-22.4)"]
[Date "2012.04.21"]
[Round "8.14"]
[White "Ghijsen, Pim"]
[Black "Peleikis, Horst"]
[Result "1/2-1/2"]
[WhiteElo "1906"]
[BlackElo "1973"]
[PlyCount "97"]
[EventDate "2012.04.??"]
[EventType "swiss"]
[EventRounds "9"]
[EventCountry "GER"]
[WhiteTeam "NED/Amsterdam VAS"]
[BlackTeam "Lister Turm SK"]
[WhiteTeamCountry "NED"]

1. d4 Nf6 2. Nf3 d6 3. Bf4 g6 4. h3 Bg7 5. e3 O-O 6. Bd3 Nbd7 7. O-O c5 8. c3
Qb6 9. Nbd2 cxd4 10. Nc4 Qc7 11. cxd4 b5 12. Ncd2 Qb6 13. a4 bxa4 14. Nc4 Qd8
15. Rxa4 Nb6 16. Nxb6 Qxb6 17. Qe2 Bb7 18. Rfa1 Rfb8 19. e4 Bc6 20. Ra6 Qb7 21.
d5 Bd7 22. Be3 Qxb2 23. Qxb2 Rxb2 24. Rxa7 Rd8 25. Bd4 Rb4 26. Ra8 Rbb8 27.
Rxb8 Rxb8 28. Ra7 Rd8 29. Bb6 Rb8 30. Bd4 Rd8 31. Rb7 Kf8 32. Nd2 Be8 33. Bb5
Bxb5 34. Rxb5 Nd7 35. Bxg7+ Kxg7 36. Rb7 Kf8 37. Kf1 Nc5 38. Ra7 Rd7 39. Rxd7
Nxd7 40. Nc4 f6 41. Ke2 Kf7 42. Ke3 g5 43. g3 Nf8 44. Na5 Ng6 45. Nc6 Kg8 46.
Nd4 Kf7 47. Nc6 Ke8 48. Nd4 Kf7 49. Nc6 1/2-1/2

[Event "Hessen Senioren-ch 2012  8th"]
[Site "Bad Sooden-Adf. (14.4.-22.4)"]
[Date "2012.04.21"]
[Round "8.15"]
[White "Kopp, Peter Dr(46)"]
[Black "Hassenrueck, Helmut"]
[Result "0-1"]
[WhiteElo "1955"]
[BlackElo "2151"]
[PlyCount "38"]
[EventDate "2012.04.??"]
[EventType "swiss"]
[EventRounds "9"]
[EventCountry "GER"]
[WhiteTeam "Hofheim 1920 SV"]
[BlackTeam "Gladbeck 19/23 SG"]

1. e4 e5 2. Nf3 Nc6 3. Bc4 Bc5 4. c3 Nf6 5. d3 O-O 6. O-O d5 7. exd5 Nxd5 8.
Re1 Bg4 9. h3 Bh5 10. g4 Bg6 11. Nxe5 Nxe5 12. Rxe5 c6 13. d4 Bd6 14. Re1 Qh4
15. Bxd5 cxd5 16. Nd2 Qxh3 17. Qf3 Bh2+ 18. Kh1 Bg3+ 19. Kg1 Qh2+ 0-1

[Event "Hessen Senioren-ch 2012  8th"]
[Site "Bad Sooden-Adf. (14.4.-22.4)"]
[Date "2012.04.21"]
[Round "8.16"]
[White "Schumacher, Gottfried"]
[Black "Nagorni, Walter"]
[Result "1-0"]
[WhiteElo "2080"]
[BlackElo "1905"]
[PlyCount "87"]
[EventDate "2012.04.??"]
[EventType "swiss"]
[EventRounds "9"]
[EventCountry "GER"]
[WhiteTeam "Bad Neuenahr SC"]
[BlackTeam "Lister Turm SK"]

1. b3 Nf6 2. Bb2 g6 3. e4 d6 4. f4 Bg7 5. d3 O-O 6. Be2 c5 7. g4 h6 8. h4 Nh7
9. Bxg7 Kxg7 10. Nc3 Nc6 11. Qd2 Nd4 12. h5 g5 13. O-O-O e6 14. Nh3 b5 15. fxg5
Nxg5 16. Rdf1 b4 17. Nd1 a5 18. Nxg5 Nxe2+ 19. Qxe2 Qxg5+ 20. Qd2 Qxd2+ 21.
Kxd2 a4 22. Ne3 Bb7 23. Rhg1 f6 24. Rf2 axb3 25. axb3 Kf7 26. g5 hxg5 27. Rxg5
Rg8 28. Rg4 Ke7 29. h6 Rg5 30. Rxg5 fxg5 31. Ng4 Rf8 32. Rh2 Kf7 33. e5 dxe5
34. Nxe5+ Kg8 35. h7+ Kg7 36. Ng6 Kxg6 37. h8=Q Rxh8 38. Rxh8 g4 39. Rb8 Bf3
40. Rc8 Kg5 41. Ke3 Kh4 42. Rxc5 Bd5 43. Kf2 g3+ 44. Kg1 1-0

[Event "Hessen Senioren-ch 2012  8th"]
[Site "Bad Sooden-Adf. (14.4.-22.4)"]
[Date "2012.04.21"]
[Round "8.17"]
[White "Schirmer, Werner"]
[Black "Papenbrock, Volker"]
[Result "0-1"]
[WhiteElo "1920"]
[BlackElo "2030"]
[PlyCount "68"]
[EventDate "2012.04.??"]
[EventType "swiss"]
[EventRounds "9"]
[EventCountry "GER"]
[WhiteTeam "Hamburger SK"]
[BlackTeam "Hamburg Eimsbuettel SK"]

1. e4 d6 2. d4 Nf6 3. Nc3 c6 4. Be3 Qa5 5. f3 Nbd7 6. Qd2 b5 7. Nge2 b4 8. Nd1
Rb8 9. Nc1 c5 10. a3 Qc7 11. dxc5 dxc5 12. axb4 Rxb4 13. Nd3 Rb7 14. Be2 e6 15.
O-O Bd6 16. Bf4 c4 17. e5 Nxe5 18. Nxe5 Bxe5 19. Bxe5 Qxe5 20. Bxc4 Qc5+ 21.
Ne3 O-O 22. Ra5 Qe7 23. Re1 Rd8 24. Qf2 Qb4 25. Rg5 Qxb2 26. g3 g6 27. Bd3 Bd7
28. h4 Bb5 29. h5 Bxd3 30. cxd3 Qd4 31. Kh2 Rb4 32. Ng4 Nxg4+ 33. Rxg4 Qc3 34.
f4 Qc7 0-1

[Event "Hessen Senioren-ch 2012  8th"]
[Site "Bad Sooden-Adf. (14.4.-22.4)"]
[Date "2012.04.21"]
[Round "8.18"]
[White "Krebs, Dietmar(44)"]
[Black "Gerhardt, Peter-Michael"]
[Result "1/2-1/2"]
[WhiteElo "1950"]
[BlackElo "1916"]
[PlyCount "51"]
[EventDate "2012.04.??"]
[EventType "swiss"]
[EventRounds "9"]
[EventCountry "GER"]
[WhiteTeam "Kölner Dr. Lasker SK"]
[BlackTeam "Vahr SC"]

1. e4 c5 2. Nf3 a6 3. c3 Nf6 4. e5 Nd5 5. d4 cxd4 6. Be2 e6 7. cxd4 Bb4+ 8. Bd2
Nc6 9. Nc3 Nxc3 10. bxc3 Be7 11. O-O O-O 12. Bd3 d6 13. Qe2 dxe5 14. Nxe5 Nxe5
15. Qxe5 Bf6 16. Qe4 g6 17. Rfd1 Qc7 18. Qf3 Bg7 19. Be4 Rb8 20. Rab1 b5 21. h4
h5 22. Rdc1 Bd7 23. Bg5 e5 24. Be3 Be6 25. Bd5 Bxd5 26. Qxd5 1/2-1/2

[Event "Hessen Senioren-ch 2012  8th"]
[Site "Bad Sooden-Adf. (14.4.-22.4)"]
[Date "2012.04.21"]
[Round "8.19"]
[White "Noble, Alexander"]
[Black "Niebling, Ferdinand"]
[Result "1/2-1/2"]
[WhiteElo "1939"]
[BlackElo "1998"]
[PlyCount "67"]
[EventDate "2012.04.??"]
[EventType "swiss"]
[EventRounds "9"]
[EventCountry "GER"]
[WhiteTeam "Bad Nauheim SC"]
[BlackTeam "Frankfurt-West SC"]

1. e4 e6 2. d4 d5 3. e5 c5 4. c3 Nc6 5. Nf3 Qb6 6. a3 c4 7. Nbd2 f6 8. exf6
Nxf6 9. b3 cxb3 10. Rb1 Bd6 11. c4 Nxd4 12. Nxd4 Qxd4 13. Bb2 Qf4 14. cxd5 O-O
15. g3 Qf5 16. Bg2 exd5 17. O-O Bd7 18. Qxb3 Bc6 19. Bd4 Rf7 20. Rfe1 Ne4 21.
Re2 Nc5 22. Qc3 Ne6 23. Rbe1 Nxd4 24. Qxd4 Raf8 25. a4 b6 26. Nb3 Bb7 27. Rd1
Qh5 28. Re6 Bc5 29. Nxc5 bxc5 30. Re5 Qxh2+ 31. Kxh2 cxd4 32. f4 Rf5 33. Re7
R8f7 34. Re8+ 1/2-1/2

[Event "Hessen Senioren-ch 2012  8th"]
[Site "Bad Sooden-Adf. (14.4.-22.4)"]
[Date "2012.04.21"]
[Round "8.20"]
[White "Lippmann, Ulrich"]
[Black "Achenbach, Manfred"]
[Result "1/2-1/2"]
[WhiteElo "1890"]
[BlackElo "1989"]
[PlyCount "63"]
[EventDate "2012.04.??"]
[EventType "swiss"]
[EventRounds "9"]
[EventCountry "GER"]
[WhiteTeam "Papenburg SC"]
[BlackTeam "Mülheim 08/25 SC"]

1. Nf3 Nf6 2. b3 g6 3. Bb2 Bg7 4. e3 d5 5. c4 O-O 6. Be2 dxc4 7. Bxc4 c5 8. O-O
Nc6 9. d4 cxd4 10. Nxd4 Qc7 11. Nd2 Ng4 12. N2f3 Nce5 13. Rc1 Qb8 14. Qe2 Nxc4
15. Rxc4 e5 16. Nb5 Be6 17. h3 Bxc4 18. Qxc4 a6 19. Nc7 b6 20. Qc6 Ra7 21. Nxa6
Qc8 22. Qxc8 Rxc8 23. Nb4 e4 24. Bxg7 Kxg7 25. Nd4 Ne5 26. Nb5 Rd7 27. Nd4 Rb7
28. a3 Rbc7 29. a4 Rc1 30. a5 Rxf1+ 31. Kxf1 Rc1+ 32. Ke2 1/2-1/2

[Event "Hessen Senioren-ch 2012  8th"]
[Site "Bad Sooden-Adf. (14.4.-22.4)"]
[Date "2012.04.21"]
[Round "8.21"]
[White "Oldach, Ehrenfried"]
[Black "Schneider, Alexander(52)"]
[Result "0-1"]
[WhiteElo "1872"]
[BlackElo "1981"]
[PlyCount "60"]
[EventDate "2012.04.??"]
[EventType "swiss"]
[EventRounds "9"]
[EventCountry "GER"]
[WhiteTeam "Warnemünde SF"]
[BlackTeam "Wilhelmshavener SF"]

1. e4 c6 2. Nc3 d5 3. Qf3 e6 4. e5 Ne7 5. d4 Nf5 6. Qd1 c5 7. Nf3 a6 8. dxc5
Bxc5 9. Bd3 Nh4 10. O-O Bd7 11. Nxh4 Qxh4 12. Qf3 Nc6 13. Qf4 Qxf4 14. Bxf4 h6
15. Rfe1 g5 16. Be3 Bxe3 17. fxe3 Nxe5 18. Be2 Bc6 19. Bh5 Ke7 20. Ne2 Rhg8 21.
h3 f5 22. a4 Rac8 23. b4 Bd7 24. Nd4 g4 25. h4 Rc4 26. Rab1 Rgc8 27. a5 Nc6 28.
Nb3 Rxb4 29. Nc5 Rxb1 30. Rxb1 Nxa5 0-1

[Event "Hessen Senioren-ch 2012  8th"]
[Site "Bad Sooden-Adf. (14.4.-22.4)"]
[Date "2012.04.21"]
[Round "8.22"]
[White "Schmidt, Manfred Dr(37)"]
[Black "Arp, Frans"]
[Result "1/2-1/2"]
[WhiteElo "1850"]
[BlackElo "1833"]
[PlyCount "37"]
[EventDate "2012.04.??"]
[EventType "swiss"]
[EventRounds "9"]
[EventCountry "GER"]
[WhiteTeam "Springe SV"]
[BlackTeam "NED/Haarlem"]
[BlackTeamCountry "NED"]

1. e4 e5 2. Nf3 Nc6 3. Bb5 a6 4. Ba4 Nf6 5. d4 exd4 6. O-O Bc5 7. e5 Ng4 8. Bg5
Be7 9. Bf4 h5 10. h3 b5 11. Bb3 g5 12. Bc1 Ngxe5 13. Nxe5 Nxe5 14. Qxd4 d6 15.
f4 gxf4 16. Bxf4 c5 17. Qe4 c4 18. Qxa8 Qb6+ 19. Kh1 1/2-1/2

[Event "Hessen Senioren-ch 2012  8th"]
[Site "Bad Sooden-Adf. (14.4.-22.4)"]
[Date "2012.04.21"]
[Round "8.23"]
[White "Hampel, Johannes"]
[Black "Krotofil, Kurt"]
[Result "1/2-1/2"]
[WhiteElo "1950"]
[BlackElo "1880"]
[PlyCount "76"]
[EventDate "2012.04.??"]
[EventType "swiss"]
[EventRounds "9"]
[EventCountry "GER"]
[WhiteTeam "Dresden-Leuben SV"]
[BlackTeam "Hamburg Niendorfer TSV"]

1. d4 d5 2. c4 c6 3. Nf3 Nf6 4. e3 e6 5. Nc3 Nbd7 6. Bd3 dxc4 7. Bxc4 b5 8. Bd3
a6 9. e4 c5 10. d5 e5 11. b3 Bd6 12. O-O O-O 13. Bb2 Nb6 14. Nd2 Ng4 15. h3 Nh6
16. a4 b4 17. Ne2 f5 18. a5 Nd7 19. Nc4 Nf6 20. Nxd6 Qxd6 21. f4 Nxe4 22. fxe5
Qd8 23. Qc2 Bb7 24. Bxe4 fxe4 25. Rxf8+ Qxf8 26. Qxe4 Qf5 27. Qc4 Rf8 28. Rd1
Qf2+ 29. Kh2 Nf5 30. Qe4 Ne3 31. Rd3 Qxe2 32. Rxe3 Qxb2 33. e6 Qf6 34. Rf3 Qe7
35. Rxf8+ Kxf8 36. Qf4+ Kg8 37. Qb8+ Qf8 38. Qxb7 Qf4+ 1/2-1/2

[Event "Hessen Senioren-ch 2012  8th"]
[Site "Bad Sooden-Adf. (14.4.-22.4)"]
[Date "2012.04.21"]
[Round "8.24"]
[White "Kahn, Peter"]
[Black "Schwertel, Johann"]
[Result "1/2-1/2"]
[WhiteElo "1952"]
[BlackElo "1895"]
[PlyCount "28"]
[EventDate "2012.04.??"]
[EventType "swiss"]
[EventRounds "9"]
[EventCountry "GER"]
[WhiteTeam "Siebenlehner SV"]
[BlackTeam "Koblenz 03/25 SV"]

1. d4 d5 2. c4 c6 3. Nf3 Nf6 4. Nc3 e6 5. cxd5 exd5 6. Bg5 Be7 7. e3 Bg4 8. h3
Bh5 9. Bd3 Bg6 10. O-O Nbd7 11. Qc2 Bxd3 12. Qxd3 O-O 13. a3 Ne8 14. Bxe7 Qxe7
1/2-1/2

[Event "Hessen Senioren-ch 2012  8th"]
[Site "Bad Sooden-Adf. (14.4.-22.4)"]
[Date "2012.04.21"]
[Round "8.25"]
[White "Niebuhr, Gerd"]
[Black "Kempen, Willi"]
[Result "1-0"]
[WhiteElo "1954"]
[BlackElo "1855"]
[PlyCount "71"]
[EventDate "2012.04.??"]
[EventType "swiss"]
[EventRounds "9"]
[EventCountry "GER"]
[WhiteTeam "Wedemark Freibauer"]
[BlackTeam "Rheydter SV"]

1. d4 d5 2. c4 e6 3. Nc3 Nf6 4. Nf3 c6 5. e3 Bd6 6. Bd3 Nbd7 7. e4 dxe4 8. Nxe4
Nxe4 9. Bxe4 Nf6 10. Bc2 O-O 11. O-O c5 12. Bg5 h6 13. Bh4 cxd4 14. Qxd4 g5 15.
Bg3 Bxg3 16. hxg3 Qxd4 17. Nxd4 Rd8 18. Rad1 Bd7 19. Nf3 Bc6 20. Ne5 Be4 21.
Ba4 b6 22. f3 Bb7 23. Bc6 Rxd1 24. Rxd1 Bxc6 25. Nxc6 Kf8 26. b4 a6 27. a4 Ke8
28. Kf2 Nd7 29. Rh1 a5 30. bxa5 bxa5 31. Rxh6 Ra6 32. Rh8+ Nf8 33. Ne5 Ke7 34.
Ke3 f6 35. Nd3 Rc6 36. c5 1-0

[Event "Hessen Senioren-ch 2012  8th"]
[Site "Bad Sooden-Adf. (14.4.-22.4)"]
[Date "2012.04.21"]
[Round "8.26"]
[White "Kotlar, Alfred"]
[Black "Oud, Niek"]
[Result "0-1"]
[WhiteElo "1825"]
[BlackElo "2162"]
[PlyCount "93"]
[EventDate "2012.04.??"]
[EventType "swiss"]
[EventRounds "9"]
[EventCountry "GER"]
[WhiteTeam "Recklinghausen 06 SK"]
[BlackTeam "NED/Amstelveen"]
[BlackTeamCountry "NED"]

1. d4 d5 2. Nf3 Nf6 3. Bf4 c6 4. Nbd2 Nbd7 5. e3 Nh5 6. Bg5 h6 7. Bh4 g5 8. Ne5
Nxe5 9. dxe5 Ng7 10. Bg3 Nf5 11. Be2 Bg7 12. c3 Nxg3 13. hxg3 Bxe5 14. Nf3 Bg7
15. Qc2 Be6 16. Rd1 Qa5 17. a3 O-O-O 18. Nd4 Bxd4 19. exd4 Qc7 20. Qa4 Kb8 21.
Rd3 Bf5 22. Re3 Rd6 23. Qd1 Re6 24. Qd2 Rxe3 25. Qxe3 f6 26. f4 Rh7 27. Kf2 Qd6
28. Re1 Rg7 29. Rh1 Rh7 30. Re1 Kc7 31. Bd3 gxf4 32. gxf4 Bxd3 33. Qxd3 Qxf4+
34. Kg1 Rg7 35. Re2 Qg5 36. c4 Qc1+ 37. Kh2 Qxc4 38. Qe3 Kb6 39. b3 Qa6 40. a4
h5 41. Rc2 Qf1 42. Rf2 Qb1 43. Qh6 Qg6 44. Qd2 Qg3+ 45. Kh1 Rg4 46. a5+ Kc7 47.
Rf3 0-1

[Event "Hessen Senioren-ch 2012  8th"]
[Site "Bad Sooden-Adf. (14.4.-22.4)"]
[Date "2012.04.21"]
[Round "8.28"]
[White "Klein, Klaus(36)"]
[Black "Limberg, Siegfried"]
[Result "0-1"]
[WhiteElo "1823"]
[BlackElo "1980"]
[PlyCount "70"]
[EventDate "2012.04.??"]
[EventType "swiss"]
[EventRounds "9"]
[EventCountry "GER"]
[WhiteTeam "Heidelberg SF"]
[BlackTeam "Königstein/Schwalbach Sfr."]

1. e4 c6 2. d4 g6 3. Nc3 d5 4. exd5 cxd5 5. Bd3 Bg7 6. Nce2 Nf6 7. Nf3 O-O 8.
O-O Nc6 9. c3 Bg4 10. Ng3 Qc7 11. h3 Bxf3 12. Qxf3 a6 13. Bf4 Qd7 14. a4 Rac8
15. Qd1 Na5 16. Re1 Rfe8 17. Nf1 Nh5 18. Be5 Bxe5 19. Rxe5 Nf4 20. Qf3 Nxd3 21.
Qxd3 Nc4 22. Re2 b5 23. b3 Nd6 24. Rc2 Qc6 25. Ne3 Rc7 26. axb5 axb5 27. f3 Kg7
28. b4 Rec8 29. Nd1 Ra8 30. Rca2 Rxa2 31. Rxa2 Nc4 32. Qb1 Qe6 33. Qd3 Rc6 34.
Qe2 Qf6 35. Ne3 Re6 0-1

[Event "Hessen Senioren-ch 2012  8th"]
[Site "Bad Sooden-Adf. (14.4.-22.4)"]
[Date "2012.04.21"]
[Round "8.29"]
[White "Van Geffen, Ben"]
[Black "Huhn, Ulrich"]
[Result "1-0"]
[WhiteElo "1907"]
[BlackElo "1789"]
[PlyCount "127"]
[EventDate "2012.04.??"]
[EventType "swiss"]
[EventRounds "9"]
[EventCountry "GER"]
[WhiteTeam "NED/Messemaker"]
[BlackTeam "Berlin Siemensstadt SF"]
[WhiteTeamCountry "NED"]

1. e4 d5 2. exd5 Nf6 3. Bb5+ Bd7 4. Be2 Nxd5 5. d4 c6 6. c4 Nf6 7. Nc3 Bf5 8.
Nf3 e6 9. O-O Be7 10. Bf4 Bd6 11. Qd2 Qc7 12. Bxd6 Qxd6 13. Ne5 Nbd7 14. Qe3 h6
15. Bf3 O-O 16. Rfe1 Rfd8 17. Rad1 a5 18. b3 Rab8 19. h3 Rbc8 20. g4 Bh7 21. c5
Qf8 22. Nc4 Ra8 23. Nd6 Rab8 24. Nce4 Nxe4 25. Bxe4 Bxe4 26. Nxe4 Qe7 27. Qd2
Ra8 28. Nd6 Rdb8 29. a3 Nf6 30. Nc4 Qd8 31. Qf4 Nd5 32. Qe5 Qf6 33. Rd3 Rd8 34.
Nd6 Rd7 35. Re4 Rad8 36. f4 g6 37. Kg2 g5 38. fxg5 hxg5 39. Qxf6 Nxf6 40. Re5
Nh7 41. Kg3 Kg7 42. h4 gxh4+ 43. Kxh4 Rh8 44. Rh5 Ra8 45. Ne4 Rh8 46. Kg3 Rhd8
47. Nd6 Rh8 48. Rd1 Nf6 49. Rxh8 Kxh8 50. Kf4 Kg7 51. Nc4 a4 52. bxa4 Rd8 53.
Nd6 Ra8 54. g5 Nd5+ 55. Ke5 Rxa4 56. Rf1 Rxa3 57. Rxf7+ Kg6 58. Kxe6 Re3+ 59.
Kd7 Kxg5 60. Nxb7 Rd3 61. Kxc6 Nb4+ 62. Kd7 Rxd4+ 63. Nd6 Kg6 64. Rf1 1-0

[Event "Hessen Senioren-ch 2012  8th"]
[Site "Bad Sooden-Adf. (14.4.-22.4)"]
[Date "2012.04.21"]
[Round "8.30"]
[White "Ripoll, Luis"]
[Black "Etzold, Walter"]
[Result "0-1"]
[WhiteElo "1813"]
[BlackElo "1995"]
[PlyCount "37"]
[EventDate "2012.04.??"]
[EventType "swiss"]
[EventRounds "9"]
[EventCountry "GER"]
[WhiteTeam "Lister Turm SK"]
[BlackTeam "Langenberg(Gera) Elstertal SZ"]

1. e4 e6 2. Qe2 Be7 3. Nc3 c5 4. Nf3 Nc6 5. g3 d5 6. d3 d4 7. Nd1 e5 8. Bg2 Be6
9. O-O g5 10. Ne1 Qd7 11. f4 exf4 12. gxf4 Bg4 13. Bf3 Nf6 14. f5 Rg8 15. Kh1
O-O-O 16. Nf2 h5 17. h3 Bxf3+ 18. Qxf3 h4 19. Rg1 0-1

[Event "Hessen Senioren-ch 2012  8th"]
[Site "Bad Sooden-Adf. (14.4.-22.4)"]
[Date "2012.04.21"]
[Round "8.31"]
[White "Rychlik, Kurt"]
[Black "Reimann, Guenther"]
[Result "1-0"]
[WhiteElo "1942"]
[BlackElo "1779"]
[PlyCount "76"]
[EventDate "2012.04.??"]
[EventType "swiss"]
[EventRounds "9"]
[EventCountry "GER"]
[WhiteTeam "Berenbostel SV"]
[BlackTeam "Magstadt SC"]

1. Nf3 e6 2. g3 f5 3. Bg2 Nf6 4. c4 Be7 5. Nc3 d6 6. d4 O-O 7. O-O c6 8. Qc2 d5
9. Ne5 dxc4 10. Rd1 Nd5 11. Nxc4 Nd7 12. e4 Nxc3 13. bxc3 Nf6 14. Nd2 Qc7 15.
Qb3 Kh8 16. e5 Ng8 17. Nf3 Qd8 18. h4 h6 19. a4 Rb8 20. c4 Qb6 21. Qc2 Bd7 22.
a5 Qc7 23. Bf4 Rfc8 24. Qd2 Kh7 25. Rdc1 Qd8 26. Bf1 Be8 27. Be2 g6 28. Kg2 Kg7
29. Rh1 a6 30. Be3 Bf7 31. c5 Rc7 32. Rab1 Rd7 33. Qc3 Qc8 34. Bd3 Bd8 35. Rhc1
Bc7 36. Bd2 Ne7 37. Qb2 Qd8 38. Qa3 Qc8 1-0

[Event "Hessen Senioren-ch 2012  8th"]
[Site "Bad Sooden-Adf. (14.4.-22.4)"]
[Date "2012.04.21"]
[Round "8.32"]
[White "Kaufmann, Helmut(33)"]
[Black "Kluger, Hans-Peter"]
[Result "1-0"]
[WhiteElo "1897"]
[BlackElo "1746"]
[PlyCount "112"]
[EventDate "2012.04.??"]
[EventType "swiss"]
[EventRounds "9"]
[EventCountry "GER"]
[WhiteTeam "Eutingen SK"]
[BlackTeam "Fallersleben SF"]

1. d4 d5 2. Nf3 Nf6 3. e3 c6 4. Bd3 Bg4 5. Nbd2 e6 6. O-O Bd6 7. Re1 Qc7 8. h3
Bh5 9. e4 dxe4 10. Nxe4 Nxe4 11. Bxe4 O-O 12. c3 Nd7 13. Bxh7+ Kxh7 14. Ng5+
Kg8 15. Qxh5 Nf6 16. Qe2 Bf4 17. Ne4 Nxe4 18. Bxf4 Qxf4 19. Qxe4 Qxe4 20. Rxe4
Rad8 21. Rae1 Rd7 22. Re5 g6 23. R1e3 Rfd8 24. h4 Rd5 25. Rxd5 Rxd5 26. Re5 Rd6
27. f3 b6 28. Kf2 f6 29. Re3 Kf7 30. g4 Rd5 31. f4 c5 32. dxc5 Rxc5 33. g5 a5
34. Re4 Rd5 35. Rd4 Rf5 36. Kg3 Ke7 37. c4 Rc5 38. b3 f5 39. h5 gxh5 40. Kh4
Rc8 41. Kxh5 Rh8+ 42. Kg6 Rh2 43. c5 bxc5 44. Ra4 Rh4 45. Rxa5 Rxf4 46. Ra7+
Kd6 47. Kf6 e5 48. g6 Rf2 49. g7 Rg2 50. Kxf5 Rf2+ 51. Ke4 Rf4+ 52. Ke3 Rg4 53.
Kf3 Rg5 54. a4 Kc6 55. Ke4 Kb6 56. Re7 Kc6 1-0

[Event "Hessen Senioren-ch 2012  8th"]
[Site "Bad Sooden-Adf. (14.4.-22.4)"]
[Date "2012.04.21"]
[Round "8.33"]
[White "Wulf, Adalbert"]
[Black "Gudat, Alfons"]
[Result "0-1"]
[WhiteElo "1751"]
[BlackElo "1843"]
[PlyCount "40"]
[EventDate "2012.04.??"]
[EventType "swiss"]
[EventRounds "9"]
[EventCountry "GER"]
[WhiteTeam "Ennigerloh-Oelde SV"]
[BlackTeam "Oldenburg SK"]

1. Nf3 c5 2. c4 g6 3. Nc3 Bg7 4. g3 Nc6 5. Bg2 e6 6. O-O Nge7 7. e4 O-O 8. d3
d6 9. Rb1 a6 10. Be3 Nd4 11. Ne2 d5 12. Nfxd4 cxd4 13. Bd2 b5 14. b3 Rb8 15. a3
f5 16. f3 h6 17. h3 g5 18. Kh2 Bd7 19. f4 fxe4 20. Bxe4 dxe4 0-1

[Event "Hessen Senioren-ch 2012  8th"]
[Site "Bad Sooden-Adf. (14.4.-22.4)"]
[Date "2012.04.21"]
[Round "8.34"]
[White "Kalix, Wolfgang"]
[Black "Piastowski, Kurt"]
[Result "0-1"]
[WhiteElo "1891"]
[BlackElo "1749"]
[PlyCount "100"]
[EventDate "2012.04.??"]
[EventType "swiss"]
[EventRounds "9"]
[EventCountry "GER"]
[WhiteTeam "Konstanz SVG"]
[BlackTeam "Lüneburg Turm SC"]

1. f4 d5 2. Nf3 Nf6 3. e3 c5 4. d3 Nc6 5. Be2 e6 6. O-O Be7 7. Qe1 O-O 8. Nbd2
Qc7 9. c3 b6 10. d4 a5 11. Ne5 Ne4 12. Bb5 Bb7 13. Nxe4 dxe4 14. Bd2 f6 15. Ng4
Ba6 16. Bxa6 Rxa6 17. Qb1 h5 18. Nf2 f5 19. a4 Raa8 20. Qa2 Qd7 21. Rad1 Rf6
22. Bc1 Qc7 23. d5 exd5 24. Rxd5 Kf8 25. Nh3 Rf7 26. Rfd1 Rd8 27. Bd2 Rxd5 28.
Qxd5 Qd6 29. Qxd6 Bxd6 30. Ng5 Rd7 31. Be1 Nb8 32. Kf2 Ke8 33. Ke2 Be7 34. Ne6
Kf7 35. Rxd7 Nxd7 36. Nc7 Bd8 37. Nd5 c4 38. b4 cxb3 39. Kd1 Nc5 40. c4 Nxa4
41. Bc3 Nxc3+ 42. Nxc3 Be7 43. Kc1 Bc5 44. Nd1 a4 45. Kb2 Ke6 46. Nc3 Bxe3 47.
Nxa4 Bxf4 48. g3 Be3 49. Kxb3 Bd4 50. Kc2 g5 0-1

[Event "Hessen Senioren-ch 2012  8th"]
[Site "Bad Sooden-Adf. (14.4.-22.4)"]
[Date "2012.04.21"]
[Round "8.35"]
[White "Wieprecht, Gerhard"]
[Black "Mentel, Juergen Dr"]
[Result "0-1"]
[WhiteElo "1717"]
[BlackElo "1879"]
[PlyCount "98"]
[EventDate "2012.04.??"]
[EventType "swiss"]
[EventRounds "9"]
[EventCountry "GER"]
[WhiteTeam "Kassel CAISSA SV"]
[BlackTeam "Greifswalder SV"]

1. e4 d6 2. d4 Nf6 3. Nc3 c6 4. f4 Qa5 5. Bd2 Qb6 6. Nf3 Bg4 7. Be2 Bxf3 8.
Bxf3 Qxd4 9. Qe2 Qb6 10. O-O-O e5 11. Be3 Qa5 12. Kb1 Nbd7 13. Rhf1 b5 14. Qd2
O-O-O 15. Qf2 Kb8 16. g4 h5 17. h3 hxg4 18. hxg4 Be7 19. g5 Nh5 20. Bxh5 Rxh5
21. Ne2 Rdh8 22. fxe5 Nxe5 23. Nd4 Qc7 24. Nf5 Ng4 25. Qf4 Nxe3 26. Qxe3 g6 27.
Nxe7 Qxe7 28. Qd4 Rd8 29. e5 d5 30. Qf4 Qe6 31. Qxf7 Qxf7 32. Rxf7 Re8 33. Re1
Rxg5 34. e6 Rxe6 35. Rh1 Rge5 36. b3 Re1+ 37. Rxe1 Rxe1+ 38. Kb2 Re6 39. Rg7 b4
40. Kc1 Re1+ 41. Kd2 Rg1 42. Kd3 Rg2 43. Rg8+ Kc7 44. Rg7+ Kb6 45. Rg8 Kc5 46.
Rg7 Rg3+ 47. Kd2 Kd4 48. Rc7 c5 49. Rc6 g5 0-1